000 00589nam a2200181Ia 4500
008 240729s9999 xx 000 0 und d
022 _a2322-5726
245 0 _aAsia Oceania Journal of Nuclear Medicine and Biology
260 _aIran, Islamic Republic of
260 _bMashhad University of Medical Sciences
650 _a Biology (General)
650 _a Medical physics. Medical radiology. Nuclear medicine | Science
650 _a Medicine (General)
650 _aMedicine
856 _uhttps://doaj.org/toc/980ba7ea60c54ecd926458819b4c97c7
942 _2ddc
942 _cDOAJEJ
999 _c66074
_d66074
945 _a1
_bMadushi Gamage
_c1
_dMadushi Gamage